Score 0/13 Timer 02:00
0 Plays Today
% Correct
TANNED + GOATS
82.6%
BRASH + VOTES
80.2%
DELVE + TANTRUM
79.1%
LIPS + MAY
76.7%
QUEEN + BECKONS
76.7%
KITE + LOAD
75.6%
HOLY + TELEPHONE
74.4%
CHARGE + LIES
73.3%
VICE + TORN
73.3%
UNICORNS + FORCE + ME
68.6%
PAID + PANDAS
67.4%
SIGHT + ERROR + ASK
65.1%
MIRROR + KEY
62.8%
Remove Ads.
Support Sporcle.
Get the best of Sporcle when you Go Orange. This ad-free experience offers more features, more stats, and more fun while also helping to support Sporcle. Thank you for becoming a member.

You're not logged in!

Compare scores with friends on all Sporcle quizzes.
OR
Log In

Sporcle TV

Today on Sporcle TV


Watch our educational content, quiz creation guides, and fun videos on Sporcle TV.

Show Comments

Extras

Top Quizzes Today


Score Distribution

Paid Content

Your Account Isn't Verified!

In order to create a playlist on Sporcle, you need to verify the email address you used during registration. Go to your Sporcle Settings to finish the process.

Report this User

Report this user for behavior that violates our Community Guidelines.

Details: